Bratrstvo. Kniha třetí, Lovci /
Ve třetím pokračování fantasy ságy Hal a jeho bratstvo Volavek musí dohonit krvežíznivého piráta Zavaka, který ukradl posvátný kámen Skandijců, dřív než jim zmizí kdesi v jižních mořích.
Uloženo v:
| Série: | Bratrstvo,
část 3 |
|---|---|
| Hlavní autor: | |
| Další autoři: | , , |
| Médium: | E-audiokniha |
| Jazyk: | Czech |
| Vydáno: |
Praha :
Voxi,
[2020]
|
| Edice: | Fantasy (Egmont)
|
| Témata: | |
| Příbuzné jednotky: | Z cyklu::
Bratrstvo |
| Tagy: |
Žádné tagy |
| LEADER | 05895nim a2201441 i 4500 | ||
|---|---|---|---|
| 001 | 313046 | ||
| 003 | CZ PrSKC | ||
| 005 | 20260601215734.0 | ||
| 007 | sd fungnnmmned | ||
| 008 | 200221t20202020xr nnnnj f n cze | ||
| 015 | |a cnb003177560 | ||
| 024 | 3 | |a 8594050429345 | |
| 040 | |a ABA001 |b cze |e rda | ||
| 041 | 1 | |d cze |h eng | |
| 072 | 7 | |a 821.111-3 |x Anglická próza, anglicky psaná |2 Konspekt | |
| 072 | 7 | |a 821-93 |x Literatura pro děti a mládež (beletrie) |2 Konspekt | |
| 080 | |a 821.111(94)-31 |2 MRF | ||
| 080 | |a (0:82-312.9) |2 MRF | ||
| 080 | |a (086.7.053.2) |2 MRF | ||
| 080 | |a (086.7)08 |2 MRF | ||
| 080 | |a (086.76) |2 MRF | ||
| 100 | 1 | |a Flanagan, John |q (John Anthony), |d 1944-2026 |7 xx0081982 |4 aut | |
| 240 | 1 | 0 | |a Hunters. |l Česky |
| 245 | 1 | 0 | |a Bratrstvo. |n Kniha třetí, |p Lovci / |c John Flanagan ; z anglického originálu Brotherband 3: The Hunters přeložila Zdena Tenklová |
| 246 | 3 | 0 | |a Lovci |
| 264 | 1 | |a Praha : |b Voxi, |c [2020] | |
| 264 | 4 | |c ©2020 | |
| 300 | |a 1 audiodisk (11 hod., 12 min.) ; |c 12 cm | ||
| 306 | |a 111200 | ||
| 336 | |a mluvené slovo |b spw |2 rdacontent | ||
| 337 | |a audio |b s |2 rdamedia | ||
| 338 | |a audiodisk |b sd |2 rdacarrier | ||
| 344 | |a digital |b optical |2 rda | ||
| 347 | |a audio soubor |b MP3 |2 rda | ||
| 490 | 1 | |a Fantasy | |
| 500 | |a Název z disku | ||
| 500 | |a Copyright Albatros Media | ||
| 500 | |a Nezkrácená audiokniha ve formátu mp3 | ||
| 500 | |a Podle stejnojmenné knihy vydané nakladatelstvím Egmont v roce 2012 | ||
| 508 | |a Režie Tomáš Harant | ||
| 511 | 0 | |a Čte Pavel Neškudla | |
| 520 | 2 | |a Ve třetím pokračování fantasy ságy Hal a jeho bratstvo Volavek musí dohonit krvežíznivého piráta Zavaka, který ukradl posvátný kámen Skandijců, dřív než jim zmizí kdesi v jižních mořích. | |
| 521 | 8 | |a Pro posluchače od 12 let | |
| 655 | 7 | |a australské romány |7 fd131842 |2 czenas | |
| 655 | 7 | |a fantasy romány |7 fd184199 |2 czenas | |
| 655 | 7 | |a zvukové záznamy pro děti a mládež |7 fd186726 |2 czenas | |
| 655 | 7 | |a audioknihy |7 fd119452 |2 czenas | |
| 655 | 7 | |a kompaktní disky |7 fd201991 |2 czenas | |
| 700 | 1 | |a Tenklová, Zdena |7 xx0069446 |4 trl | |
| 700 | 1 | |a Harant, Tomáš |4 drt | |
| 700 | 1 | |a Neškudla, Pavel, |d 1989- |7 pna20191021256 |4 nrt | |
| 787 | 0 | 8 | |i Z cyklu: |t Bratrstvo |g 3 |
| 830 | 0 | |a Fantasy (Egmont) | |
| 900 | |a ABA001 |b 19 | ||
| 044 | |a xr | ||
| 505 | 0 | 0 | |t Kapitola 1. (15 min., 25 sek.) |
| 505 | 0 | 0 | |t Kapitola 2. (1) (10 min., 8 sek.) |
| 505 | 0 | 0 | |t Kapitola 2. (2) (1 min., 14 sek.) |
| 505 | 0 | 0 | |t Kapitola 3. (1) (5 min., 42 sek.) |
| 505 | 0 | 0 | |t Kapitola 3. (2) (5 min., 34 sek.) |
| 505 | 0 | 0 | |t Kapitola 4. (1) (5 min., 10 sek.) |
| 505 | 0 | 0 | |t Kapitola 4. (2) (4 min., 29 sek.) |
| 505 | 0 | 0 | |t Kapitola 5. (11 min., 28 sek.) |
| 505 | 0 | 0 | |t Kapitola 6. (13 min., 12 sek.) |
| 505 | 0 | 0 | |t Kapitola 7. (1) (6 min., 55 sek.) |
| 505 | 0 | 0 | |t Kapitola 7. (2) (8 min., 41 sek.) |
| 505 | 0 | 0 | |t Kapitola 8. (1) (9 min., 42 sek.) |
| 505 | 0 | 0 | |t Kapitola 8. (2) (6 min., 31 sek.) |
| 505 | 0 | 0 | |t Kapitola 9. (1) (7 min., 50 sek.) |
| 505 | 0 | 0 | |t Kapitola 9. (2) (6 min., 16 sek.) |
| 505 | 0 | 0 | |t Kapitola 10. (1) (11 min., 5 sek.) |
| 505 | 0 | 0 | |t Kapitola 10. (2) (2 min., 59 sek.) |
| 505 | 0 | 0 | |t Kapitola 11. (9 min., 50 sek.) |
| 505 | 0 | 0 | |t Kapitola 12. (1) (10 min., 11 sek.) |
| 505 | 0 | 0 | |t Kapitola 12. (2) (5 min., 28 sek.) |
| 505 | 0 | 0 | |t Kapitola 13. (1) (6 min., 9 sek.) |
| 505 | 0 | 0 | |t Kapitola 13. (2) (3 min., 46 sek.) |
| 505 | 0 | 0 | |t Kapitola 13. (3) (3 min., 30 sek.) |
| 505 | 0 | 0 | |t Kapitola 14. (14 min., 10 sek.) |
| 505 | 0 | 0 | |t Kapitola 15. (1) (11 min., 40 sek.) |
| 505 | 0 | 0 | |t Kapitola 15. (2) (3 min., 24 sek.) |
| 505 | 0 | 0 | |t Kapitola 16. (13 min., 7 sek.) |
| 505 | 0 | 0 | |t Kapitola 17. (1) (10 min., 27 sek.) |
| 505 | 0 | 0 | |t Kapitola 17. (2) (4 min., 54 sek.) |
| 505 | 0 | 0 | |t Kapitola 18. (13 min., 56 sek.) |
| 505 | 0 | 0 | |t Kapitola 19. (1) (9 min., 36 sek.) |
| 505 | 0 | 0 | |t Kapitola 19. (2) (5 min., 46 sek.) |
| 505 | 0 | 0 | |t Kapitola 20. (18 min., 26 sek.) |
| 505 | 0 | 0 | |t Kapitola 21. (13 min., 53 sek.) |
| 505 | 0 | 0 | |t Kapitola 22. (15 min., 1 sek.) |
| 505 | 0 | 0 | |t Kapitola 23. (12 min., 47 sek.) |
| 505 | 0 | 0 | |t Kapitola 24. (14 min., 56 sek.) |
| 505 | 0 | 0 | |t Kapitola 25. (1) (4 min., 5 sek.) |
| 505 | 0 | 0 | |t Kapitola 25. (2) (7 min., 13 sek.) |
| 505 | 0 | 0 | |t Kapitola 26. (18 min., 32 sek.) |
| 505 | 0 | 0 | |t Kapitola 27. (1) (6 min., 10 sek.) |
| 505 | 0 | 0 | |t Kapitola 27. (2) (7 min., 31 sek.) |
| 505 | 0 | 0 | |t Kapitola 28. (15 min., 13 sek.) |
| 505 | 0 | 0 | |t Kapitola 29. (17 min., 57 sek.) |
| 505 | 0 | 0 | |t Kapitola 30. (1) (10 min., 15 sek.) |
| 505 | 0 | 0 | |t Kapitola 30. (2) (6 min., 31 sek.) |
| 505 | 0 | 0 | |t Kapitola 31. (19 min., 8 sek.) |
| 505 | 0 | 0 | |t Kapitola 32. (14 min., 50 sek.) |
| 505 | 0 | 0 | |t Kapitola 33. (16 min., 39 sek.) |
| 505 | 0 | 0 | |t Kapitola 34. (8 min., 49 sek.) |
| 505 | 0 | 0 | |t Kapitola 35. (10 min., 19 sek.) |
| 505 | 0 | 0 | |t Kapitola 36. (14 min., 11 sek.) |
| 505 | 0 | 0 | |t Kapitola 37. (15 min., 23 sek.) |
| 505 | 0 | 0 | |t Kapitola 38. (15 min., 49 sek.) |
| 505 | 0 | 0 | |t Kapitola 39. (1) (6 min., 4 sek.) |
| 505 | 0 | 0 | |t Kapitola 39. (2) (11 min., 7 sek.) |
| 505 | 0 | 0 | |t Kapitola 40. (12 min., 52 sek.) |
| 505 | 0 | 0 | |t Kapitola 41. (17 min., 18 sek.) |
| 505 | 0 | 0 | |t Kapitola 42. (15 min., 2 sek.) |
| 505 | 0 | 0 | |t Kapitola 43. (10 min., 48 sek.) |
| 505 | 0 | 0 | |t Kapitola 44. (12 min., 27 sek.) |
| 505 | 0 | 0 | |t Kapitola 45. (1) (2 min., 32 sek.) |
| 505 | 0 | 0 | |t Kapitola 45. (2) (8 min., 20 sek.) |
| 505 | 0 | 0 | |t Kapitola 46. (9 min., 11 sek.) |
| 505 | 0 | 0 | |t Epilog (24 min., 17 sek.) |
| 910 | |a RBIT002 | ||
| 998 | |d 206708 |a https://core.palmknihy.cz/api/books/206708/cover?sia8s2 |b https://core.palmknihy.cz/api/books/206708/cover/400?sia8s2 |c https://core.palmknihy.cz/api/books/206708/cover/50?sia8s2 |e 2026-09-29 |i 8594050429345 |l 40320 |q 49 |r 1 |s https://www.palmknihy.cz/kniha/206708 |t audiobook |y 2020 |z 0 | ||
| 999 | |d 313044 | ||